00698nam a2200145 i 4500001000700000003000900007005001700016008004100033100002800074245020500102260006500307300002100372710004900393852011000442179982ES-MaACL20250902004949.0120312s1913 sp |||| | spa d0 aWalls y Merino, Manuel.10aMemoria dando cuenta de las sesiones del Quinto Congreso Internacional de Cámaras de Comercio y Asociaciones industriales y comerciales celebrado en Boston (E. U.) / cpor ... Manuel Walls y Merino. aMadrid : b[s.n.], c1913 (fImpr. del Ministerio de Estado) a34 p. ; c23 cm.2 aCentro de Información Comercial (España) aES-MaACLjT-1399-F-?zEste folleto no está en el tomo ni hay mención a él en la ficha topográfica